Galilé

Gespeichert in:
Bibliographische Detailangaben
1. Verfasser: Nguyễn Hoàng Phương
Format: Buch
Sprache:Undetermined
Veröffentlicht: Hà Nội Văn Hóa 1979
Schlagworte:
Tags: Tag hinzufügen
Keine Tags, Fügen Sie den ersten Tag hinzu!
Thư viện lưu trữ: Trung tâm Học liệu Trường Đại học Cần Thơ
LEADER 00492nam a2200181Ia 4500
001 CTU_2456
008 210402s9999 xx 000 0 und d
082 |a 530.092 
082 |b Ph561 
100 |a Nguyễn Hoàng Phương 
245 0 |a Galilé 
245 0 |c Nguyễn Hoàng Phương 
260 |a Hà Nội 
260 |b Văn Hóa 
260 |c 1979 
650 |a physicians - biography 
904 |i Minh, 960826 
980 |a Trung tâm Học liệu Trường Đại học Cần Thơ